Statistiques concernant HGGSP Patrimoine

Cliquez ici pour prendre le quiz!

Statistiques générales

  • Ce quiz a été pris 40 fois
  • Le résultat moyen est 2 sur 11

Statistiques - réponses

Questionsréponse% Correct
Création du parc de Yellowstone1872
56%
Quel est le pays qui compte le plus de sites inscrits sur la liste du patrimoine mondial de l'UNESCO ?La Chine
52%
Année de création du British museum1753
28%
En quelle année et il crée1963
24%
Quel est le premier parc national créé en France ?Vanoise
24%
Que veut dire UnescoOrganisation des nations unies pour l'éducation, la science et la culture
16%
Que veut dire PCIPatrimoine Culturel Immatériel
12%
En quelle année s'est déroulé cette convention1954
4%
Dans quelle ville s'est déroulé la convention visant à protéger le patrimoine culturel en cas de conflit armé.La Haye
4%
Dans quel pays se trouve la réponse précédenteAustralie
0%
Quel est le premier site inscrit sur la liste du patrimoine mondial de l'UNESCO ?La grande Barrière de Corail
0%

Distribution des résultats

Percentile par nombre de réponses

% des personnes avec chaque résultat

Votre développement - résultats

Vous n’avez pas pris ce quiz